Detalles MARC
| 000 -LIDER |
| fixed length control field |
01069nam a2200313 u 4500 |
| 001 - NÚMERO DE CONTROL |
| Identificador de número de control |
000002057 |
| 003 - IDENTIFICACDOR DE NÚMERO DE CONTROL |
| control field |
000002057 |
| 005 - DATE AND TIME OF LATEST TRANSACTION |
| control field |
20171010125721.0 |
| 008 - ELEMENTOS DE LONGITUD FIJA |
| fixed length control field |
090630s2000 dr 001 0bspa d |
| 020 ## - ISBN |
| International Standard Book Number |
9993410365 |
| 040 ## - FUENTE DE CATALOGACIÓN |
| Agencia que crea de manera original el registro |
BPMSU |
| Idioma de catalogación |
spa |
| Agencia que realiza la transcripción |
BPMSU |
| 082 ## - NÚMERO DE CLASIFICACIÓN DECIMAL DE DEWEY |
| Classification number |
928.61 |
| Item number |
L951C |
| 100 1# - ASIENTO PRINCIPAL -- NOMBRE PERSONAL |
| Nombre personal |
Cassá, Roberto, |
| Fechas asociadas con el nombre |
1942- |
| 245 10 - MENCIÓN DE TITULO |
| Título |
Américo Lugo : |
| Subtítulo |
el antiimperialista / |
| Mención de responsabilidad |
Roberto Cassá; ilustraciones Ramiro Manzano, José Manuel Rodríguez. |
| 260 ## - PUBLICACIÓN, DISTRIBUCIÓN, ETC. (PIE DE IMPRENTA) |
| Lugar de publicación, distribución, etc |
Santo Domingo : |
| Nombre del editor, distribuidor, etc. |
Tobogán, |
| Fecha de publicación, distribución, etc |
2000 |
| 300 ## - DESCRIPCIÓN FÍSICA |
| Extensión |
55 p. : |
| Otros detalles físicos |
il., retrs. |
| Dimensiones |
21 cm. |
| 490 0# - MENCIÓN DE SERIES |
| Mención de serie |
Biografías Dominicanas Tobogan |
| 504 ## - NOTA DE BIBLIOGRAFÍA, ETC. |
| Bibliography, etc |
Incluye bibliografías (p. 55). |
| 600 10 - ENCABEZAMIENTO DE MATERIA--NOMBRE PERSONAL |
| Nombre personal |
LUGO, AMÉRICO |
| Fechas asociadas con el nombre |
1870-1952 |
| 650 ## - ENCABEZAMIENTO DE MATERIA--TEMÁTICO |
| Término temático o nombre geográfico como elemento de entrada |
HISTORIADORES |
| Subdivisión geográfica |
REPÚBLICA DOMINICANA |
| 651 #4 - ENCABEZAMIENTO DE MATERIA--NOMBRE GEOGRÁFICO |
| Nombre geográfico |
REPÚBLICA DOMINICANA |
| Subdivisión temática general |
BIOGRAFÍAS |
| 651 #4 - ENCABEZAMIENTO DE MATERIA--NOMBRE GEOGRÁFICO |
| Nombre geográfico |
REPÚBLICA DOMINICANA |
| Subdivisión temática general |
HISTORIA |
| 700 1# - ASIENTO SECUNDARIO -- NOMBRE PERSONAL |
| Nombre personal |
Manzano, Ramiro, |
| Mención de responsabilidad |
il. |
| 700 1# - ASIENTO SECUNDARIO -- NOMBRE PERSONAL |
| Nombre personal |
Rodríguez, José Manuel, |
| Mención de responsabilidad |
il. |
| 830 #0 - ASIENTO SECUNDARIO DE SERIE--TÍTULO UNIFORME |
| Título uniforme |
Biografías Dominicanas Tobogan |
| 942 ## - ADDED ENTRY ELEMENTS (KOHA) |
| Source of classification or shelving scheme |
Dewey Decimal Classification |
| Koha item type |
Libros |
| 945 ## - INFORMACIÓN DE PROCESAMIENTO LOCAL |
| Información de procesamiento local |
Inventariado, 2017/MFF |
| 956 ## - LOCAL ELECTRONIC LOCATION AND ACCESS (OCLC) |
| Nombre de host |
VMATEO |
| Número de acceso |
10 |
| Información de compresión |
20150728 |
| Inicio de sesión |
BPMSU |
| Procesador de solicitud |
0069 |